AUTOUR DE LA CRISE IRANIENNE - Statistiques

Statistiques générales
  • Ce quiz a été pris 23 fois
    22 depuis la dernière actualisation
  • Le résultat moyen est 4 sur 35
Statistiques - réponses
Questions Réponses % Correct
Quelle est la date précise du déclenchement des frappes conjointes américano-israéliennes contre l'Iran en 2026 ? Le 28 février
60%
Qui est le président actuel de l'Iran ? Massoud Pezeshkian
40%
Combien de pétrole mondiale transite par le détroit d'Ormuz ? 20%
33%
Quelle île Trump veut-il prendre pour contrôler le pétrole iranien ? Ile de Kharg
27%
Combien de membres compte le Conseil des Gardiens de la Constitution ? 12
20%
En quelle année le Hezbollah a-t-il été créé ? 1982
20%
Quel avion américain l'Iran a-t-il abattu le 4 avril ? F-15
20%
Comment s'appelle le groupe d'alliés dits proxies de l'Iran ? L'axe de la Résistance
20%
Comment s'appelait l'opération israélienne du 28 février ? Lion Rugissant
20%
Quel événement tragique de septembre 2022 est considéré comme le point de départ du mouvement "Femme, Vie, Liberté" (Jin, Jiyan, Azadî) qui continue de secouer le pays ? Mort de Mahsa Amini
20%
Quel drone low-cost l'Iran utilise-t-il massivement ? Shahed
20%
Comment s'appellent les missiles qu'utilisent les USA dans le conflit ? Tomahawk
20%
Comment s'appelait cette opération ? Fureur épique
13%
Qui nomme les membres du Conseil des gardiens de la Révolution ? Guide suprême
13%
Quel pays est le premier partenaire commercial de l'Iran depuis 13 ans ? La Chine
13%
Que signifie "Hezbollah" ? Parti de Dieu
13%
Quelle est la nature du régime iranien ? Théocratie républicaine
13%
Quel pourcentage des exportations pétrolières iraniennes passe par l'île de Kharg ? 90%
7%
Qui choisit le Guide suprême ? Assemblée des experts
7%
Qui est l'actuel secrétaire général du Hezbollah ? Naïm Qassem
7%
Quelle femme iranienne a reçu le prix nobel de la paix en 2023 ? Narges Mohammadi
7%
Quel pays a proposé un cessez-le-feu de 45 jours refusé par Trump ? Pakistan
7%
Quel était le bilan humain iranien de la Guerre des 12 Jours ? 1 054 morts
0%
Quel est le prix moyen du gazol en France ? (06.03) 2,32 €
0%
Combien de membres compte le Parlement iranien (Majlis) ? 290
0%
Combien de membres compte l'Assemblée des experts ? 88
0%
Quelle était la menace de Trump si l'Iran ne rouvrait pas le détroit d'Ormuz ? Déchaîner les enfers
0%
Quand a eu lieu la Guerre des 12 Jours ? Du 13 au 24 juin 2025
0%
Qui nomme les Gardiens de la Constitution ? Guide Suprême et juristes
0%
Par où entrent illégalement les kits Starlink en Iran ? Kurdistan Irakien
0%
Qui est le Guide suprême en Iran selon la Constitution ? Le chef absolu
0%
Quel site a été bombardé par "accident" par les États-Unis le 28 février 2026 ? L'école de Minab
0%
Quels sites nucléaires iraniens sont stratégiques ? Natanz et Ispahan
0%
Pourquoi Israël a-t-il envahi le Liban en 1978 ? Pour chasser l'OLP
0%
Quelle aide propose la France pour aide les TPE et le PME face à la montrée des prix du carburant ? Prêt flash carburant
0%
Aucun quiz correspondant
Distribution des résultats
% des personnes avec chaque résultat
Percentile par nombre de réponses
Votre historique - résultats
Vous n’avez pas pris ce quiz depuis la dernière actualisation